Wake all the dead /

Gardado en:
Detalles Bibliográficos
Autor Principal: Kilpatrick, Sarah
Formato: Libro
Idioma:English
Publicado: London : White Lion Publishers, 1974.
Subjects:
LEADER 00968nam a2200265 a 4500
001 c000113109
003 CARM
005 19991220102623.0
008 740823r19741970enk 000 1 eng d
015 |a B7421031 
019 1 |a 3567881  |5 LACONCORD2021 
020 |a 0856176672 :  |c L.1.80 
035 |a (OCoLC)16282129  |5 LACONCORD2021 
040 |a BNB  |b eng  |c BNB  |d ABN:1V 
082 0 4 |a 823/.9/1  |2 18 
100 1 |a Kilpatrick, Sarah. 
245 1 0 |a Wake all the dead /  |c Sarah Kilpatrick. 
260 |a London :  |b White Lion Publishers,  |c 1974. 
300 |a 189 p. ;  |c 21cm. 
500 |a Fiction in English, 1900-. Texts (BNB/PRECIS) 
500 |a Originally published: Garden City, N.Y. : Doubleday, 1970. 
650 0 |a English fiction. 
852 8 |b CARM  |h A2:AG20A0  |i B03385  |p 0160063  |f BK 
999 f f |i 25300132-ed59-5434-8150-9af2cf6ce941  |s 3de17509-8dc8-5df5-945f-92b3be9c25af 
952 f f |p Can circulate  |a CAVAL  |b CAVAL  |c CAVAL  |d CARM 1 Store  |e B03385  |f A2:AG20A0  |h Other scheme  |i book  |m 0160063